[Event "Ann Arbor (MI Op/6)"]
[Site "?"]
[Date "1983.??.??"]
[Round "?"]
[White "Small, L.."]
[Black "Byer, L.."]
[Result "1-0"]
[WhiteElo "2035"]
[BlackElo "2150"]
[PlyCount "93"]
[EventDate "1983.??.??"]

1. e4 c6 2. d4 d5 3. Nc3 dxe4 4. Nxe4 Nd7 5. Nf3 Ngf6 6. Bd3 Nxe4 7. Bxe4 Nf6
8. Bd3 Bg4 9. c3 e6 10. h3 Bh5 11. g4 Bg6 12. Bxg6 hxg6 13. Ne5 Qd5 14. f3 Bd6
15. c4 Bb4+ 16. Kf2 Qd6 17. a3 Bc5 18. Be3 Rd8 19. Nxg6 Bxd4 20. Qxd4 Qxd4 21.
Bxd4 fxg6 22. Bxa7 Rd2+ 23. Ke3 Rxb2 24. Rhb1 Rxb1 25. Rxb1 Rxh3 26. Rxb7 Nxg4+
27. Kf4 Nh2 28. Rxg7 Rxf3+ 29. Ke5 Ng4+ 30. Kd6 Rxa3 31. Kxe6 Kf8 32. Rxg6 Rxa7
33. Rxg4 c5 34. Kd6 Ra5 35. Re4 Kf7 36. Kc6 Kf6 37. Kb6 Kf5 38. Re1 Ra2 39.
Kxc5 Kf6 40. Kc6 Kf7 41. c5 Rb2 42. Kc7 Rb3 43. c6 Rb2 44. Kc8 Rb3 45. c7 Rb2
46. Ra1 Ke7 47. Ra7 1-0

[Event "Southfield (MEX/3)"]
[Site "?"]
[Date "1983.??.??"]
[Round "?"]
[White "Small, L.."]
[Black "Brooks, John"]
[Result "1-0"]
[WhiteElo "2040"]
[BlackElo "2185"]
[PlyCount "81"]
[EventDate "1983.??.??"]

1. e4 Nf6 2. e5 Nd5 3. Nc3 Nxc3 4. bxc3 d5 5. d4 c5 6. f4 Qa5 7. Bd2 c4 8. g4
g6 9. Bg2 h5 10. h3 Na6 11. Qf3 Nc7 12. f5 gxf5 13. gxf5 Bd7 14. h4 O-O-O 15.
Nh3 f6 16. e6 Ba4 17. Kd1 Bh6 18. Bxh6 Rxh6 19. Nf4 Be8 20. Kd2 Kb8 21. Qg3 Bc6
22. Qg7 Nb5 23. Ne2 Rhh8 24. Qxe7 Rhg8 25. Bf3 Rg3 26. Rhf1 Rdg8 27. Qxf6 a6
28. Qe5+ Ka7 29. f6 Rg2 30. Bxg2 Rxg2 31. Rf3 Rg4 32. f7 Re4 33. Qh8 Rxe2+ 34.
Kxe2 Nxc3+ 35. Kf1 Ne4 36. f8=Q Qd2 37. Qa8+ Kb6 38. Qhd8+ Kb5 39. a4+ Kb4 40.
Qb6+ Bb5 41. Qf8+ 1-0

[Event "Ann Arbor (MI Op/1)"]
[Site "?"]
[Date "1983.??.??"]
[Round "?"]
[White "Small, L.."]
[Black "Almquist, W.."]
[Result "1-0"]
[WhiteElo "2035"]
[BlackElo "1605"]
[PlyCount "72"]
[EventDate "1983.??.??"]

1. e4 c5 2. Nf3 d6 3. d4 cxd4 4. Nxd4 Nf6 5. Nc3 a6 6. Be2 Nbd7 7. O-O Qc7 8.
Be3 b5 9. a3 Bb7 10. Bd3 e6 11. Qe2 Be7 12. f4 O-O 13. g4 Nc5 14. Bd2 d5 15. e5
Nfe4 16. Rf3 Nxd2 17. Qxd2 Ne4 18. Qe1 Bc5 19. Nce2 Bxd4+ 20. Nxd4 Qb6 21. c3
f5 22. Qh4 fxg4 23. Qxg4 Rae8 24. Rh3 Rf7 25. Rf1 g6 26. Kg2 Rg7 27. Rh6 Bc8
28. Rf3 Bd7 29. Bxe4 dxe4 30. Re3 Qb7 31. Rhh3 Qd5 32. Rhg3 Rf8 33. h4 Rff7 34.
Qg5 Re7 35. h5 gxh5 36. Qxe7 Rxg3+ 1-0

[Event "East Detroit (MCO/4)"]
[Site "?"]
[Date "1983.??.??"]
[Round "?"]
[White "Short, T.."]
[Black "Roberts, Kenneth"]
[Result "0-1"]
[WhiteElo "1605"]
[BlackElo "1605"]
[PlyCount "88"]
[EventDate "1983.??.??"]

1. e4 e6 2. Nf3 c5 3. d4 Nf6 4. Nc3 Nc6 5. d5 Ne7 6. d6 Nc6 7. e5 Ng4 8. Be3 b6
9. Nb5 f5 10. Nc7+ Kf7 11. Bg5 Be7 12. Qd2 Rb8 13. O-O-O h6 14. Bxe7 Nxe7 15.
h3 Nxe5 16. Nxe5+ Kf6 17. f4 Nc6 18. Qc3 Nd4 19. Bd3 Bb7 20. Rhg1 Qc8 21. Qe1
g5 22. Qf2 Be4 23. Bxe4 gxf4 24. Ng4+ Kg5 25. Bf3 fxg4 26. Bxg4 Qf8 27. Rd2
Qxd6 28. Na6 Rbc8 29. c3 b5 30. cxd4 cxd4+ 31. Kb1 e5 32. g3 f3 33. Qxf3 Rhf8
34. h4+ Kg6 35. Bf5+ Kg7 36. g4 Qxa6 37. h5 Qb6 38. g5 d3 39. Rgg2 Qc5 40. Rd1
e4 41. gxh6+ Kh8 42. Qxe4 Qxf5 43. Qxd3 Qxd3+ 44. Rxd3 Rf1+ 0-1

[Event "East Detroit (MCO/1)"]
[Site "?"]
[Date "1983.??.??"]
[Round "?"]
[White "Short, T.."]
[Black "Matias, I.C.."]
[Result "0-1"]
[WhiteElo "1605"]
[BlackElo "1650"]
[PlyCount "98"]
[EventDate "1983.??.??"]

1. e4 c6 2. Nf3 d5 3. e5 Bg4 4. d4 e6 5. h3 Bh5 6. Be2 c5 7. Be3 Nc6 8. c3 cxd4
9. Bxd4 Qc7 10. O-O Nge7 11. g4 Bg6 12. Nbd2 f6 13. exf6 gxf6 14. Bxf6 Rg8 15.
Bd4 h5 16. Ng5 Bf5 17. f4 Rxg5 18. fxg5 Qg3+ 19. Kh1 Qxh3+ 20. Kg1 Nxd4 21.
gxf5 Qe3+ 22. Rf2 Qxg5+ 23. Kf1 Ndxf5 24. Bxh5+ Kd7 25. Qf3 Qxh5 26. Qxh5 Ng3+
27. Kg2 Nxh5 28. Rh1 Ng7 29. Nf3 Kd6 30. Ng5 Ngf5 31. Rh3 Re8 32. Nf7+ Kc7 33.
Kf3 Bg7 34. Kg4 Rf8 35. Ng5 Kd7 36. Nh7 Ne3+ 37. Rxe3 Rxf2 38. Rf3 Rxf3 39.
Kxf3 e5 40. Ng5 Kc6 41. Ke3 Nf5+ 42. Ke2 d4 43. Kd3 dxc3 44. bxc3 Nd6 45. Ne6
e4+ 46. Kc2 Bf6 47. Nd4+ Bxd4 48. cxd4 Kd5 49. Kc3 Nb5+ 0-1

[Event "East Detroit (MCO/2)"]
[Site "?"]
[Date "1983.??.??"]
[Round "?"]
[White "Short, T.."]
[Black "Conklin, M.."]
[Result "0-1"]
[WhiteElo "1605"]
[BlackElo "1605"]
[PlyCount "90"]
[EventDate "1983.??.??"]

1. e4 c5 2. Nf3 d6 3. Bc4 Bg4 4. Bd5 Nc6 5. c3 e6 6. Bxc6+ bxc6 7. O-O Nf6 8.
d3 h6 9. h3 Bh5 10. g4 Bg6 11. Nh4 Bh7 12. f3 Nxg4 13. fxg4 Qxh4 14. Qf3 Bg6
15. Rf2 Be7 16. Kg2 Bd8 17. Nd2 h5 18. Qg3 hxg4 19. Qxg4 Qe7 20. Nf3 Qf8 21.
Bd2 d5 22. Ng5 Bh5 23. Qf4 Bxg5 24. Qxg5 f6 25. Qf4 Qe7 26. Re1 Kd7 27. e5 Raf8
28. d4 Rh6 29. Re3 Bg6 30. Rg3 Be4+ 31. Kf1 c4 32. Ke1 Bf5 33. Rfg2 Rh7 34. Kf2
fxe5 35. dxe5 Be4 36. Rg1 Rxf4+ 37. Bxf4 g6 38. Bg5 Qc5+ 39. Be3 Rf7+ 40. Ke2
Qa5 41. a3 Qb5 42. Bc1 Qb3 43. Ke3 Qc2 44. Kd4 Qf2+ 45. Be3 Qxb2 0-1

[Event "Ann Arbor (MI Op/2)"]
[Site "?"]
[Date "1983.??.??"]
[Round "?"]
[White "Sheridan, Gregory"]
[Black "Braak, Dairen"]
[Result "1/2-1/2"]
[WhiteElo "1950"]
[BlackElo "1840"]
[PlyCount "64"]
[EventDate "1983.??.??"]

1. e4 c5 2. Nf3 d6 3. d4 cxd4 4. Nxd4 Nf6 5. Nc3 Nc6 6. Be2 Bd7 7. Be3 Nxd4 8.
Bxd4 e5 9. Be3 Bc6 10. f3 d5 11. exd5 Nxd5 12. Nxd5 Bxd5 13. O-O a6 14. Bd3 Qa5
15. Qe2 Be7 16. Bf2 f6 17. f4 O-O-O 18. Bf5+ Kc7 19. fxe5 fxe5 20. Qxe5+ Bd6
21. Qe1 Qb5 22. a4 Qc6 23. Bh3 Kb8 24. Qc1 Rhf8 25. Qe3 Rde8 26. Qa7+ Kc7 27.
a5 Rxf2 28. Qb6+ Qxb6 29. axb6+ Kxb6 30. Kxf2 Bc5+ 31. Kg3 Bd6+ 32. Kf2 Bc5+
1/2-1/2

[Event "East Detroit (MCO/1)"]
[Site "?"]
[Date "1983.??.??"]
[Round "?"]
[White "Sedgwick, D.."]
[Black "Poschel, Paul"]
[Result "0-1"]
[WhiteElo "1735"]
[BlackElo "2295"]
[PlyCount "114"]
[EventDate "1983.??.??"]

1. e4 c5 2. Nf3 e6 3. d4 cxd4 4. Nxd4 Nf6 5. Nc3 Nc6 6. Be3 Bb4 7. f3 d5 8.
Nxc6 bxc6 9. e5 Nd7 10. f4 O-O 11. Be2 f6 12. exf6 Nxf6 13. O-O Bd6 14. Na4 Qc7
15. c4 Ne4 16. Qc1 Qa5 17. Qc2 Bd7 18. Bd3 Nf6 19. c5 Be7 20. Bd2 Qc7 21. Rae1
d4 22. Qc4 Nd5 23. Qxd4 Bf6 24. Qf2 Rae8 25. Kh1 g6 26. g3 e5 27. Bc4 Kg7 28.
Nc3 Nxc3 29. Bxc3 exf4 30. Rxe8 Bxe8 31. Bxf6+ Rxf6 32. Qd4 Qd7 33. Rxf4 Qxd4
34. Rxd4 Rf2 35. Rd8 Kf8 36. b4 Rb2 37. Bb3 Ke7 38. Ra8 Bd7 39. Rxa7 Kd8 40.
Ra8+ Kc7 41. Ra7+ Kd8 42. h4 h5 43. Ra8+ Ke7 44. Rg8 Bf5 45. Rg7+ Kf6 46. Rf7+
Ke5 47. Re7+ Kd4 48. b5 cxb5 49. c6 Be4+ 50. Rxe4+ Kxe4 51. c7 Rb1+ 52. Kg2 Rc1
53. Bf7 Kf5 54. Be8 Rxc7 55. Bxb5 Rc2+ 56. Kf3 Rxa2 57. Bd3+ Kf6 0-1

[Event "East Detroit (MCO/3)"]
[Site "?"]
[Date "1983.??.??"]
[Round "?"]
[White "Sedgwick, D.."]
[Black "Brattin, Brian"]
[Result "1/2-1/2"]
[WhiteElo "1735"]
[BlackElo "1605"]
[PlyCount "61"]
[EventDate "1983.??.??"]

1. e4 e5 2. Nf3 Nc6 3. Bb5 a6 4. Ba4 b5 5. Bb3 Na5 6. Bxf7+ Kxf7 7. Nxe5+ Ke7
8. d4 d6 9. Bg5+ Nf6 10. Qf3 Qe8 11. Qc3 Nc4 12. Nxc4 bxc4 13. Qxc4 Kd8 14. Nc3
Qg6 15. Bxf6+ Qxf6 16. O-O-O Bb7 17. Kb1 Be7 18. Nd5 Bxd5 19. Qxd5 Kd7 20. e5
Qe6 21. Qe4 d5 22. Qe2 Qb6 23. c4 Qg6+ 24. Ka1 c6 25. c5 Rhf8 26. g3 Qf5 27. f4
Ke6 28. h4 h5 29. Rhg1 Qg4 30. Qxg4+ hxg4 31. Rde1 1/2-1/2

[Event "Ann Arbor (MI Op/5)"]
[Site "?"]
[Date "1983.??.??"]
[Round "?"]
[White "Schreiber, E.."]
[Black "Lloyd, J.."]
[Result "0-1"]
[WhiteElo "1680"]
[BlackElo "1860"]
[PlyCount "78"]
[EventDate "1983.??.??"]

1. d4 Nf6 2. Nc3 d5 3. e4 dxe4 4. f3 exf3 5. Qxf3 e6 6. Bd3 Qxd4 7. Be3 Qg4 8.
Qf2 Bb4 9. h3 Qh5 10. Nge2 Nd5 11. O-O Nxe3 12. Qxe3 Bc5 13. Nd4 O-O 14. Ne4
Bb6 15. Kh1 e5 16. Qg3 Kh8 17. Nf3 Nc6 18. Rae1 Bd7 19. Nc3 Rae8 20. Re4 Nd4
21. Nxd4 exd4 22. Rh4 Re3 23. Rxh5 Rxg3 24. Nd5 g6 25. Rh4 Bc6 26. Nf4 Re8 27.
Kh2 Ree3 28. Rf2 Rg5 29. Bc4 Rf5 30. Bd3 Be4 31. g4 Rxf4 32. Rxf4 Bxd3 33. Rxf7
g5 34. Rh6 Bg6 35. Rd7 Bc5 36. h4 Be7 37. h5 Kg7 38. hxg6 Kxh6 39. Rxc7 Bd6+
0-1

[Event "Ann Arbor (MI Op/1)"]
[Site "?"]
[Date "1983.??.??"]
[Round "?"]
[White "Rogan, M.."]
[Black "Zacks, Naum"]
[Result "1/2-1/2"]
[WhiteElo "2135"]
[BlackElo "1910"]
[PlyCount "83"]
[EventDate "1983.??.??"]

1. e4 Nf6 2. Nc3 d5 3. e5 d4 4. exf6 dxc3 5. fxg7 cxd2+ 6. Bxd2 Bxg7 7. Qe2 Nc6
8. O-O-O Nd4 9. Qh5 Bf5 10. Bc3 Bg6 11. Qh4 c5 12. Bb5+ Kf8 13. Nf3 Qb6 14.
Bxd4 cxd4 15. Bd3 Rc8 16. Rhe1 Bf6 17. Qh6+ Kg8 18. Kb1 a5 19. h4 a4 20. a3 Rc3
21. h5 Rxc2 22. Kxc2 Qb3+ 23. Kb1 Bxd3+ 24. Rxd3 Qxd3+ 25. Ka1 Bg7 26. Qg5 h6
27. Qxe7 Qb3 28. Qe8+ Kh7 29. Qe4+ Kg8 30. Rc1 Qe6 31. Qxb7 d3 32. Qc8+ Kh7 33.
Qxe6 fxe6 34. Rd1 Rb8 35. Rd2 e5 36. Nh4 Bf6 37. Nf5 Rb3 38. Kb1 e4 39. Kc1 Bg5
40. Ne3 Rb8 41. Kd1 Bf6 42. Kc1 1/2-1/2

[Event "Ann Arbor (MI Op/5)"]
[Site "?"]
[Date "1983.??.??"]
[Round "?"]
[White "Rogan, M.."]
[Black "Kraft, C.."]
[Result "1/2-1/2"]
[WhiteElo "2135"]
[BlackElo "1965"]
[PlyCount "100"]
[EventDate "1983.??.??"]

1. e4 e5 2. f4 Bc5 3. Nf3 d6 4. Bc4 Nf6 5. Qe2 Bg4 6. h3 Bxf3 7. Qxf3 exf4 8.
c3 Qe7 9. d4 d5 10. Bxd5 Nxd5 11. O-O Nf6 12. e5 Qxe5 13. Qxb7 Qd5 14. Qc8+ Qd8
15. Qxd8+ Kxd8 16. dxc5 Nbd7 17. b4 Re8 18. Bxf4 Nd5 19. a3 a5 20. c6 N7b6 21.
b5 a4 22. c4 Nxf4 23. Rxf4 f6 24. Nc3 Re3 25. Rd1+ Ke7 26. c5 Rxc3 27. Re4+ Kf7
28. cxb6 cxb6 29. Rd7+ Kg6 30. Rg4+ Kf5 31. Rgxg7 Rxa3 32. c7 Rc3 33. Rxh7 a3
34. Rd8 Ra7 35. c8=Q+ Rxc8 36. Rxa7 Rxd8 37. Rxa3 Rd5 38. Rb3 Kg5 39. Kf2 Re5
40. g3 Kh5 41. Rb4 Kg5 42. h4+ Kh5 43. Kf3 Rc5 44. Kg2 Rd5 45. Kh3 Rc5 46. g4+
Kg6 47. Kg3 Rd5 48. Kf4 Rc5 49. Ke4 Kh6 50. Kf4 Kg6 1/2-1/2

[Event "Ann Arbor (MI Op/3)"]
[Site "?"]
[Date "1983.??.??"]
[Round "?"]
[White "Rogan, M.."]
[Black "Beydoun, N.."]
[Result "1-0"]
[WhiteElo "2135"]
[BlackElo "1920"]
[PlyCount "53"]
[EventDate "1983.??.??"]

1. e4 c5 2. Nf3 d6 3. d4 cxd4 4. Nxd4 Nf6 5. Nc3 a6 6. g3 e6 7. Bg2 Be7 8. Be3
Qc7 9. Qe2 Nbd7 10. Rd1 Rb8 11. O-O O-O 12. f4 Re8 13. g4 Nf8 14. g5 N6d7 15.
f5 Qd8 16. fxe6 fxe6 17. Qh5 Ne5 18. Bh3 g6 19. Qh6 Nf7 20. Rxf7 Kxf7 21. Rf1+
Kg8 22. Nxe6 Nxe6 23. Bxe6+ Bxe6 24. Bd4 Bf6 25. gxf6 Re7 26. fxe7 Qxe7 27. Nd5
1-0

[Event "East Detroit (MCO/5)"]
[Site "?"]
[Date "1983.??.??"]
[Round "?"]
[White "Roberts, Kenneth"]
[Black "Wright, Walter"]
[Result "0-1"]
[WhiteElo "1605"]
[BlackElo "1605"]
[PlyCount "126"]
[EventDate "1983.??.??"]

1. d4 Nf6 2. c4 g6 3. Nc3 Bg7 4. Bf4 O-O 5. Nf3 d6 6. e3 Bf5 7. Bd3 Qc8 8. h3
Bxd3 9. Qxd3 c5 10. d5 Nbd7 11. O-O Nh5 12. Bg5 Bf6 13. Rab1 Re8 14. Ne4 Bxg5
15. Nfxg5 Ne5 16. Qc3 h6 17. f4 Nxc4 18. Qxc4 hxg5 19. Nxg5 Ng3 20. Rf3 Nf5 21.
e4 Nd4 22. Rf2 e6 23. Rbf1 b5 24. Qd3 f5 25. dxe6 Nxe6 26. exf5 gxf5 27. Qxf5
Nxg5 28. Qxg5+ Kf7 29. f5 Rg8 30. Qe3 Qe8 31. Qd3 Qc6 32. f6 Rg6 33. Re1 Rag8
34. Re7+ Kf8 35. Rg7 R8xg7 36. fxg7+ Kxg7 37. Qf5 Qe8 38. Qf3 c4 39. Qc3+ Qe5
40. Qf3 Rf6 41. Qg4+ Kf7 42. Qd7+ Kg6 43. Qg4+ Qg5 44. Qxg5+ Kxg5 45. Rxf6 Kxf6
46. Kf2 d5 47. Ke3 Ke5 48. h4 d4+ 49. Kd2 Kf4 50. g3+ Kg4 51. Ke2 b4 52. b3 c3
53. Kd3 a5 54. Kc2 Kf3 55. Kd3 c2 56. Kd2 c1=Q+ 57. Kxc1 Ke2 58. h5 d3 59. h6
d2+ 60. Kb2 d1=Q 61. h7 Qd4+ 62. Kc1 Qc3+ 63. Kb1 Kd2 0-1

[Event "East Detroit (MCO/2)"]
[Site "?"]
[Date "1983.??.??"]
[Round "?"]
[White "Roberts, Kenneth"]
[Black "Jordan, Willie"]
[Result "0-1"]
[WhiteElo "1605"]
[BlackElo "1605"]
[PlyCount "94"]
[EventDate "1983.??.??"]

1. d4 d5 2. c4 e6 3. Nc3 Nf6 4. Nf3 Bd6 5. Qc2 c6 6. c5 Bc7 7. Bg5 h6 8. Bh4
Nbd7 9. e3 g5 10. Bg3 Bxg3 11. hxg3 g4 12. Nd2 e5 13. O-O-O e4 14. f3 gxf3 15.
gxf3 Qe7 16. fxe4 Ng4 17. Re1 Ndf6 18. Re2 Be6 19. Bh3 O-O-O 20. e5 Nh5 21. Nf1
Ng7 22. e4 dxe4 23. Rxe4 h5 24. Qe2 Qg5+ 25. Nd2 Bf5 26. Bxg4 hxg4 27. Rxh8
Rxh8 28. Re3 Ne6 29. Nce4 Rh1+ 30. Nf1 Rxf1+ 31. Kd2 Bxe4 32. Qxf1 Bf3 33. Qd3
Qd8 34. Kc3 Qa5+ 35. Kc2 Qxa2 36. Kc3 Qa5+ 37. Kc2 Qa4+ 38. Kc3 Bd5 39. Re2
Qb3+ 40. Kd2 Qxb2+ 41. Ke3 Qc1+ 42. Rd2 Qg1+ 43. Rf2 Qxg3+ 44. Ke2 Nf4+ 45.
Rxf4 Qxf4 46. Qh7 Qe4+ 47. Qxe4 Bxe4 0-1

[Event "East Detroit (MCO/3)"]
[Site "?"]
[Date "1983.??.??"]
[Round "?"]
[White "Roberts, Kenneth"]
[Black "Burwell, Raymond"]
[Result "0-1"]
[WhiteElo "1605"]
[BlackElo "1605"]
[PlyCount "132"]
[EventDate "1983.??.??"]

1. d4 e6 2. Nf3 Nf6 3. c4 c5 4. d5 d6 5. Nc3 Be7 6. e4 e5 7. Bd3 Bg4 8. h3 Bh5
9. g4 Bg6 10. Be3 h5 11. g5 Nh7 12. Qd2 Nd7 13. Ke2 Qa5 14. Nh4 O-O-O 15. Nxg6
fxg6 16. h4 Rdf8 17. Raf1 Rf7 18. f4 exf4 19. Bxf4 Rhf8 20. b3 Ne5 21. Nb5
Qxd2+ 22. Bxd2 a6 23. Rxf7 Rxf7 24. Na3 Nxd3 25. Kxd3 Nf8 26. b4 Nd7 27. Ke2
Ne5 28. Rf1 Rxf1 29. Kxf1 Nf3 30. Be1 cxb4 31. Nc2 a5 32. Ke2 Ne5 33. Ne3 Bd8
34. Bg3 Bb6 35. Bxe5 dxe5 36. Ng2 Kd7 37. Ne1 Kd6 38. Nd3 Bg1 39. Kf1 Bc5 40.
Ke2 a4 41. Kd2 b6 42. Kc2 Bg1 43. Ne1 Kc5 44. Nd3+ Kd6 45. Ne1 Bf2 46. Nf3 Bg3
47. Kd3 Kc5 48. Kc2 Bf2 49. Kd3 Bg3 50. Kc2 b5 51. cxb5 Kxb5 52. d6 Kc6 53. d7
Kxd7 54. Kd3 b3 55. axb3 axb3 56. Kc3 Kc6 57. Kxb3 Kc5 58. Kc3 Bf2 59. Kd3 Bd4
60. Nxd4 exd4 61. e5 Kd5 62. e6 Kxe6 63. Kxd4 Kf5 64. Ke3 Kg4 65. Kf2 Kxh4 66.
Kg2 Kxg5 0-1

[Event "Ann Arbor (MI Op/1)"]
[Site "?"]
[Date "1983.??.??"]
[Round "?"]
[White "Riopelle, J.."]
[Black "Murray, David"]
[Result "0-1"]
[WhiteElo "1685"]
[BlackElo "2040"]
[PlyCount "72"]
[EventDate "1983.??.??"]

1. d4 Nf6 2. c4 e6 3. Bg5 c5 4. Bxf6 Qxf6 5. Nf3 Nc6 6. e3 cxd4 7. exd4 d5 8.
Nc3 dxc4 9. Bxc4 Bb4 10. O-O O-O 11. a3 Bxc3 12. bxc3 e5 13. dxe5 Nxe5 14. Nxe5
Qxe5 15. Qd4 Qc7 16. Rfe1 Bf5 17. Re3 Rad8 18. Qe5 Qxc4 19. Qxf5 Qb3 20. h4
Rd1+ 21. Rxd1 Qxd1+ 22. Kh2 Qd6+ 23. Rg3 Re8 24. Qg5 g6 25. Qb5 Re4 26. Qg5 Kg7
27. Qc1 Rxh4+ 28. Kg1 b5 29. Qe1 Ra4 30. Rh3 Rxa3 31. Qc1 h5 32. g4 Ra4 33.
gxh5 Rg4+ 34. Kf1 Qc6 35. Ke2 Qc4+ 36. Kd2 Qf4+ 0-1

[Event "Ann Arbor (MI Op/6)"]
[Site "?"]
[Date "1983.??.??"]
[Round "?"]
[White "Riopelle, J.."]
[Black "Hahn, David"]
[Result "0-1"]
[WhiteElo "1685"]
[BlackElo "2135"]
[PlyCount "74"]
[EventDate "1983.??.??"]

1. d4 Nf6 2. c4 g6 3. Nc3 Bg7 4. e4 d6 5. Nf3 O-O 6. Be2 Nbd7 7. O-O e5 8. d5
Nc5 9. Bg5 h6 10. Bxf6 Bxf6 11. b4 Nd7 12. Ne1 Bg7 13. Nd3 f5 14. c5 Nf6 15. f3
h5 16. cxd6 cxd6 17. Rc1 Bh6 18. Rc2 a6 19. Kh1 Be3 20. exf5 gxf5 21. f4 e4 22.
Nf2 Ng4 23. Nh3 Bd7 24. Qe1 Bd4 25. Bxg4 hxg4 26. Ng5 Qf6 27. Ne2 Bb6 28. Qh4
Qh8 29. Qxh8+ Kxh8 30. Rd1 Ba4 31. Rdc1 Bxc2 32. Rxc2 Kg8 33. g3 Rac8 34. Rb2
Rc4 35. h4 gxh3 36. Kh2 Rfc8 37. Nxh3 Rc2 0-1

[Event "Ann Arbor (MI Op/3)"]
[Site "?"]
[Date "1983.??.??"]
[Round "?"]
[White "Riopelle, J.."]
[Black "Fischman, R.."]
[Result "0-1"]
[WhiteElo "1685"]
[BlackElo "1900"]
[PlyCount "85"]
[EventDate "1983.??.??"]

1. d4 Nf6 2. c4 g6 3. Nc3 d5 4. cxd5 Nxd5 5. e4 Nxc3 6. bxc3 Bg7 7. Nf3 c5 8.
Be3 Nc6 9. Bb5 O-O 10. Bxc6 bxc6 11. O-O Bg4 12. h3 Bxf3 13. Qxf3 cxd4 14. cxd4
c5 15. dxc5 Bxa1 16. Rxa1 Qc7 17. Rc1 Kg7 18. Qe2 a5 19. Qb2+ e5 20. Qb6 Rfc8
21. Qxc7 Rxc7 22. Kf1 f5 23. f4 Kf6 24. g3 fxe4 25. fxe5+ Ke6 26. Rd1 Rf7+ 27.
Ke2 Kxe5 28. Bf4+ Rxf4 29. gxf4+ Kxf4 30. Rd7 Rc8 31. Rxh7 Rxc5 32. Rf7+ Kg3
33. Ke3 Rh5 34. Kxe4 Kxh3 35. Rf3+ Kg4 36. Ra3 Rf5 37. Rb3 Rf2 38. a3 a4 39.
Rc3 Rf4+ 40. Kd5 Rf5+ 41. Ke6 Rf4 42. Rc1 g5 43. Ke5 0-1

[Event "East Detroit (MCO/5)"]
[Site "?"]
[Date "1983.??.??"]
[Round "?"]
[White "Riggins, D.."]
[Black "Sedgwick, D.."]
[Result "1-0"]
[WhiteElo "2125"]
[BlackElo "1735"]
[PlyCount "57"]
[EventDate "1983.??.??"]

1. e4 c5 2. Nf3 e6 3. d4 cxd4 4. Nxd4 Nc6 5. Nc3 a6 6. Be2 Qc7 7. Be3 Bb4 8.
O-O Nf6 9. Bd3 O-O 10. Nce2 d5 11. exd5 Nxd5 12. Bd2 Bxd2 13. Qxd2 Ne5 14. Rad1
Nxd3 15. Qxd3 b5 16. c3 Bb7 17. Qh3 Nf4 18. Nxf4 Qxf4 19. Rd3 Qf6 20. Rg3 Be4
21. f4 g6 22. Qh6 Bf5 23. Nf3 Qg7 24. Qh4 f6 25. Nd4 Ra7 26. Re1 Re8 27. Nxf5
Qd7 28. Nh6+ Kg7 29. Ng4 1-0

[Event "East Detroit (MCO/2)"]
[Site "?"]
[Date "1983.??.??"]
[Round "?"]
[White "Riggins, D.."]
[Black "Palmer, Tony"]
[Result "0-1"]
[WhiteElo "2125"]
[BlackElo "1820"]
[PlyCount "82"]
[EventDate "1983.??.??"]

1. e4 e5 2. Nf3 Nc6 3. Bc4 Bc5 4. O-O Nf6 5. c3 d6 6. d4 Bb6 7. h3 h6 8. Re1
O-O 9. Bf1 Re8 10. d5 Ne7 11. a4 a5 12. Be3 Bxe3 13. Rxe3 Ng6 14. Na3 Nf4 15.
Kh2 g5 16. Ng1 Kh7 17. Nc4 Rg8 18. g3 Ng6 19. Be2 Qf8 20. Qc2 Qg7 21. Rf1 h5
22. Re1 Nf4 23. Bf1 h4 24. Rf3 hxg3+ 25. fxg3 N4h5 26. Rf2 Qh6 27. Ne3 Rg7 28.
Nf5 Bxf5 29. Rxf5 Rg6 30. Qd3 Rag8 31. Kg2 Nf4+ 32. gxf4 gxf4+ 33. Kf2 Rxg1 34.
Ke2 R8g3 35. Qc4 Re3+ 36. Kd1 Rxe1+ 37. Kxe1 Qxh3 38. Qe2 Kg6 39. Qf2 Qxf1+ 40.
Qxf1 Rxf1+ 41. Kxf1 Nxe4 0-1

[Event "East Detroit (MCO/6)"]
[Site "?"]
[Date "1983.??.??"]
[Round "?"]
[White "Riggins, D.."]
[Black "Bautista, L.."]
[Result "1-0"]
[WhiteElo "2125"]
[BlackElo "1830"]
[PlyCount "55"]
[EventDate "1983.??.??"]

1. e4 c5 2. Nf3 e6 3. a3 d5 4. exd5 exd5 5. d4 Be6 6. Bb5+ Nd7 7. O-O Ngf6 8.
Re1 Qb6 9. Bxd7+ Nxd7 10. Nc3 Be7 11. dxc5 Qxc5 12. Be3 Qc4 13. Bg5 Nf6 14. Ne5
Qc5 15. Qe2 Ne4 16. Bxe7 Qxe7 17. Qb5+ Kf8 18. Nxd5 Nd6 19. Qb4 a5 20. Qc5 Qd8
21. Nc4 Ra6 22. Rxe6 fxe6 23. Nc7 Rc6 24. Nxe6+ Ke7 25. Qd5 Qc8 26. Re1 Ne4 27.
Nd4 Rxc4 28. Rxe4+ 1-0

[Event "East Detroit (MCO/5)"]
[Site "?"]
[Date "1983.??.??"]
[Round "?"]
[White "Richard, O.."]
[Black "Yuhas, L.."]
[Result "1-0"]
[WhiteElo "1605"]
[BlackElo "1755"]
[PlyCount "75"]
[EventDate "1983.??.??"]

1. e4 e6 2. d4 b6 3. Nf3 Bb7 4. Bd3 d6 5. c4 Nd7 6. Nc3 e5 7. d5 Ngf6 8. h3 Be7
9. Be3 O-O 10. Qd2 Kh8 11. g4 Nc5 12. g5 Nxd3+ 13. Qxd3 Nh5 14. O-O-O g6 15. h4
a6 16. Nh2 Qd7 17. Rdg1 b5 18. Ng4 bxc4 19. Qxc4 c6 20. Kb1 a5 21. Nh6 Kg7 22.
Qe2 Ba6 23. dxc6 Qxc6 24. Qf3 Rab8 25. Nd5 Bd3+ 26. Ka1 Qc2 27. Rb1 Bxe4 28.
Qd1 Qxb1+ 29. Qxb1 Bxb1 30. Kxb1 Bd8 31. f4 f5 32. Rc1 Rb7 33. Rc6 Be7 34. fxe5
dxe5 35. Nxe7 Rxe7 36. Bc5 Rfe8 37. Bxe7 Rxe7 38. Rc8 1-0

[Event "East Detroit (MCO/3)"]
[Site "?"]
[Date "1983.??.??"]
[Round "?"]
[White "Richard, O.."]
[Black "Kremen, P.."]
[Result "1-0"]
[WhiteElo "1605"]
[BlackElo "1605"]
[PlyCount "67"]
[EventDate "1983.??.??"]

1. e4 e5 2. Nf3 Nc6 3. Bb5 Qf6 4. Nc3 Bc5 5. d3 Nd4 6. Bc4 Nxf3+ 7. Qxf3 Qxf3
8. gxf3 d6 9. a3 Bh3 10. Be3 Bxe3 11. fxe3 O-O-O 12. Rg1 g6 13. Bxf7 Rf8 14.
Rg3 Bd7 15. Bb3 Nf6 16. Ke2 Rfg8 17. Bxg8 Rxg8 18. Nd5 Rf8 19. Nxf6 Rxf6 20.
Rf1 Kd8 21. f4 Re6 22. fxe5 Rxe5 23. Kd2 Be8 24. Rgf3 Kd7 25. Rf8 Kc6 26. Rh8
h5 27. Rff8 Bd7 28. Rf7 Rc5 29. Rhh7 Be8 30. d4 Rg5 31. Rxc7+ Kb5 32. Rxb7+ Ka4
33. Rxa7+ Kb5 34. Rhb7+ 1-0

[Event "Ann Arbor (MI Op/2)"]
[Site "?"]
[Date "1983.??.??"]
[Round "?"]
[White "Rawley, L.."]
[Black "Turner, George"]
[Result "0-1"]
[WhiteElo "2200"]
[BlackElo "2080"]
[PlyCount "118"]
[EventDate "1983.??.??"]

1. d4 Nf6 2. c4 g6 3. g3 Bg7 4. Bg2 O-O 5. Nc3 d6 6. Nf3 Bg4 7. Qb3 Bc8 8. O-O
c6 9. e4 Qc7 10. Bf4 Nh5 11. Be3 Bg4 12. Nd2 e5 13. dxe5 dxe5 14. c5 Nd7 15.
Rac1 Nhf6 16. Qb4 Be6 17. h3 Rfd8 18. Na4 Nf8 19. b3 N6d7 20. Nb2 Rab8 21. Nbc4
Bxc4 22. Qxc4 Ne6 23. f4 Bh6 24. Qc3 exf4 25. gxf4 Bxf4 26. Bxf4 Nxf4 27. Qf3
g5 28. Qg4 f6 29. Nf3 Ne5 30. Nxe5 Qxe5 31. Rc2 Rd3 32. h4 h5 33. Qf5 Qxf5 34.
exf5 Re8 35. hxg5 fxg5 36. Rf3 Nxg2 37. Rxd3 Ne1 38. Rdd2 Nxc2 39. Rxc2 Re5 40.
Rh2 h4 41. Rd2 Rxf5 42. Rd8+ Kg7 43. Rd7+ Rf7 44. Rd6 g4 45. Kg2 Re7 46. a4 a5
47. Kf2 Re5 48. Rd4 Rg5 49. Kg2 Kg6 50. b4 axb4 51. Rxb4 Kh5 52. Rxb7 Rxc5 53.
Rb1 h3+ 54. Kh1 Kh4 55. Ra1 Ra5 56. Ra3 c5 57. Kg1 c4 58. Kh2 Rd5 59. a5 g3+
0-1

[Event "Southfield (MEX/3)"]
[Site "?"]
[Date "1983.??.??"]
[Round "?"]
[White "Rawley, L.."]
[Black "Puls, M.."]
[Result "1-0"]
[WhiteElo "2200"]
[BlackElo "2145"]
[PlyCount "63"]
[EventDate "1983.??.??"]

1. e4 e6 2. d4 d5 3. Nd2 Nf6 4. e5 Nfd7 5. f4 c5 6. c3 Nc6 7. Ndf3 Qb6 8. g3 f6
9. Bh3 fxe5 10. fxe5 cxd4 11. cxd4 Bb4+ 12. Kf1 O-O 13. Kg2 Nd8 14. Ne2 Qa6 15.
Bg5 Nf7 16. a3 Ba5 17. Rc1 Bd8 18. Bd2 Be7 19. Nf4 Qb6 20. Bxe6 Ndxe5 21. Bxf7+
Nxf7 22. Nxd5 Qd6 23. Nxe7+ Qxe7 24. Bb4 Nd6 25. Re1 Qf6 26. Qb3+ Kh8 27. Rf1
Be6 28. d5 Bg4 29. Rce1 Rad8 30. Ne5 Bf5 31. Kg1 Nf7 32. Be7 1-0

[Event "Ann Arbor (MI Op/4)"]
[Site "?"]
[Date "1983.??.??"]
[Round "?"]
[White "Rawley, L.."]
[Black "Postma, D.."]
[Result "1-0"]
[WhiteElo "2200"]
[BlackElo "2045"]
[PlyCount "55"]
[EventDate "1983.??.??"]

1. e4 e5 2. Nf3 Nc6 3. Bb5 a6 4. Ba4 Nf6 5. O-O Nxe4 6. d4 b5 7. Bb3 d5 8. dxe5
Be6 9. Qe2 Na5 10. Rd1 c5 11. c3 Nxb3 12. axb3 Be7 13. Rxa6 O-O 14. Rxa8 Qxa8
15. Qxb5 c4 16. Qa4 Qb7 17. b4 Bf5 18. Nd4 Ra8 19. Qc6 Qxc6 20. Nxc6 Bf8 21.
Na3 h6 22. f3 Bd7 23. Na5 Nc5 24. Rxd5 Be6 25. Rd1 Nd3 26. N3xc4 Nxb4 27. cxb4
Bxb4 28. Nc6 1-0